A survey of christian ethics/ (Record no. 27192)

MARC details
000 -LEADER
fixed length control field 00940nam a2200181Ia 4500
008 - FIXED-LENGTH DATA ELEMENTS--GENERAL INFORMATION
fixed length control field 081213s9999 xx 000 0 und d
050 ## - LIBRARY OF CONGRESS CALL NUMBER
Classification number BJ1201
Item number .L66 1967
100 ## - MAIN ENTRY--PERSONAL NAME
Personal name Long, Edward LeRoy
245 ## - TITLE STATEMENT
Title A survey of christian ethics/
Statement of responsibility, etc Edward LeRoy Long
260 ## - PUBLICATION, DISTRIBUTION, ETC. (IMPRINT)
Date of publication, distribution, etc 1967
Place of publication, distribution, etc New York
Name of publisher, distributor, etc Oxford University Press
300 ## - PHYSICAL DESCRIPTION
Extent viii,341p.
Dimensions 24cm.
500 ## - GENERAL NOTE
General note Includes bibliography and index
650 ## - SUBJECT ADDED ENTRY--TOPICAL TERM
Source of heading or term Christian ethics
942 ## - ADDED ENTRY ELEMENTS (KOHA)
Item type Book
Source of classification or shelving scheme Library of Congress Classification
Holdings
Withdrawn status Lost status Source of classification or shelving scheme Damaged status Not for loan Collection code Home library Current library Shelving location Date acquired Total Checkouts Full call number Barcode Date last borrowed Copy number Price effective from Koha item type Source of acquisition
    Library of Congress Classification     Non-fiction Bishop Okullu Memorial Library (Limuru Campus) Bishop Okullu Memorial Library (Limuru Campus) General Circulation 10/06/2009 7 BJ1201 .L66 1967 008071 19/03/2016 2 10/06/2009 Book  
    Library of Congress Classification     Non-fiction Nairobi Campus Nairobi Campus General Circulation 06/07/2010 3 BJ1201 .L66 1967 020324 01/03/2013 3 06/07/2010 Book Donation
    Library of Congress Classification     Non-fiction Nakuru Campus Nakuru Campus Reserve Section 15/12/2008 3 BJ1201 .L66 1967 004017 18/02/2011 1 15/12/2008 Book